00277nam a2200109Ia 4500008004100000041000800041082001600049100001100065245003900076260003300115300001900148241028s9999 xx 000 0 und d aeng a303.342 KUH aKuhnke aPersuasion & Influence For Dummies bWiley IndiaaNew Delhic2012 a375;. P. 23 cm